Score 0/28 Timer 02:00
0 Plays Today
Song Missing Word % Correct
I _____ to Hold Your HandWant
98.3%
All You Need Is _____Love
97.5%
_____ SubmarineYellow
96.6%
With a _____ Help from My FriendsLittle
95.1%
_____ in the Sky with DiamondsLucy
93.2%
Twist and _____Shout
92.8%
Let It _____Be
91.9%
_____ Comes the SunHere
91.2%
Helter _____Skelter
91.2%
I Saw Her Standing _____There
90.1%
A Hard Day's _____Night
89.7%
Eight Days a _____Week
86.4%
Can't _____ Me LoveBuy
86.1%
The _____ and Winding RoadLong
84.6%
Song Missing Word % Correct
_____ Fields ForeverStrawberry
84%
_____ in the U.S.S.R.Back
81.6%
Ticket to _____Ride
77.4%
Penny _____Lane
75.5%
_____ RigbyEleanor
75%
While My Guitar _____ WeepsGently
70.6%
_____ the UniverseAcross
64.2%
Paperback _____Writer
63.6%
_____ TogetherCome
59.9%
You've Got to Hide Your Love _____Away
50.6%
Happiness is a _____ GunWarm
45.7%
_____ Nature's SonMother
42.4%
Rocky _____Raccoon
37.7%
_____ MaeMaggie
36.9%

Today's Daily Dose

Remove Ads.
Support Sporcle.
Get the best of Sporcle when you Go Orange. This ad-free experience offers more features, more stats, and more fun while also helping to support Sporcle. Thank you for becoming a member.

You're not logged in!

Compare scores with friends on all Sporcle quizzes.
OR
Log In

Show Comments

Extras

Top Quizzes Today


Score Distribution

Your Account Isn't Verified!

In order to create a playlist on Sporcle, you need to verify the email address you used during registration. Go to your Sporcle Settings to finish the process.

Report this User

Report this user for behavior that violates our Community Guidelines.

Details: